Nauka o zboží

Na minha lista:
Detalhes bibliográficos
Formato: Livro
Idioma:tcheco
Publicado em: Praha Státní pedagogické nakladatelství 1964
Tags: Adicionar Tag
Sem tags, seja o primeiro a adicionar uma tag!

MARC

LEADER 00000nam a2200000 4500
001 c123105
005 20260319133538.9
041 0 |a cze 
044 |a CZ 
245 1 0 |a Nauka o zboží  |c R. Vítek, Karel Kavina 
264 1 |a Praha  |b Státní pedagogické nakladatelství  |c 1964 
300 |a 230 s.